Tu y los Otros: Formas de Comunicación /

Este libro explora el terreno del "lenguaje corporal" del significado de los gestos así como de las reglas que controlan la conversación, la amistas y el amor.

Збережено в:
Бібліографічні деталі
Автор: Argyle, Michael (autor)
Інші автори: Trower, Peter (autor) (autor)
Формат: Книга
Мова:Іспанська
Опубліковано: México : Harla, 1980
Серія:(La Psicología y Tú)
Предмети:
Теги: Додати тег
Немає тегів, Будьте першим, хто поставить тег для цього запису!

MARC

LEADER 00000nam^a2200000^a^4500
001 000026109
005 20250521000000.0
009 20260310084717.749
022 |a 06-3147009 
037 |a Acervo ITESO - Biblioteca 
041 |a ESP 
082 |a 153. 6  |b ARG 
100 |a Argyle, Michael  |e (autor) 
245 1 0 |a Tu y los Otros: Formas de Comunicación /  |c M. Argyle; et.al.; tr. por: Xavier Guzmán Rangel. 
264 1 |a México :  |b Harla,  |c 1980 
300 |a 128 p. 
336 |a texto  |b txt  |2 rdacontenido 
337 |a sin mediación  |b n  |2 rdamedio 
338 |a volumen  |b nc  |2 rdasoporte 
440 3 |a (La Psicología y Tú) 
500 |a Traducción de: Person to Person: Ways of Communicating 
520 |a Este libro explora el terreno del "lenguaje corporal" del significado de los gestos así como de las reglas que controlan la conversación, la amistas y el amor. 
649 |a XX 
650 |a Comunicación 
650 |a Lenguaje Corporal 
650 |a Comunicación Personal 
700 |a Trower, Peter  |e (autor) 
910 |a Fondo General 
920 |a Impresos - Libros 
930 |a Colección General 
905 |a 101 
901 |a 0500175501  |b IT1  |c ACC  |i 026109  |u 20250521 
901 |a 0261090200  |b IT1  |c ACC  |i 906753  |u 20250521 
902 |a https://opac.biblio.iteso.mx/vufind/Record/000026109